All Minecraft Mobs - Statistics

General Stats
  • This quiz has been taken 26 times
  • The average score is 37 of 72
Answer Stats
Mob % Correct
Cow
86%
Zombie
86%
Cat
82%
Pig
82%
Sheep
82%
Villager
82%
Wolf
82%
Chicken
77%
Ender Dragon
77%
Enderman
77%
Blaze
73%
Ghast
73%
Piglin
73%
Salmon
73%
Skeleton
73%
Wither
73%
Creeper
68%
Ocealot
64%
Spider
64%
Bee
59%
Drowned
59%
Goat
59%
Horse
59%
Husk
59%
Slime
59%
Squid
59%
Cod
55%
Endermite
55%
Iron Golem
55%
Strider
55%
Donkey
50%
Hoglin
50%
Magma Cube
50%
Panda
50%
Parrot
50%
Pufferfish
50%
Ravager
50%
Snow Golem
50%
Tropical Fish
50%
Witch
50%
Wither Skeleton
50%
Allay
45%
Axolotl
45%
Cave Spider
45%
Dolphin
45%
Mule
45%
Shulker
45%
Vex
45%
Evoker
41%
Fox
41%
Guardian
41%
Phantom
41%
Polar Bear
41%
Silverfish
41%
Zoglin
41%
Zombified Piglin
41%
Elder Guardian
36%
Frog
36%
Glow Squid
36%
Llama
36%
Mooshroom
36%
Piglin Brute
36%
Stray
36%
Warden
36%
Vindicator
32%
Zombie Villager
32%
Turtle
27%
Wandering Trader
27%
Rabbit
23%
Tadpole
9%
Trader Llama
9%
Brown Mooshroom
5%
No matching quizzes found
Score Distribution
Percent of People with Each Score
Percentile by Number Answered
Your Score History
You have not taken this quiz